Biggest Cities of the Alps - Statistics

General Stats
  • This quiz has been taken 529 times
    472 since last reset
  • The average score is 17 of 27
Answer Stats
Population Hint City % Correct
1,366,180 Alpi Milan
95%
409,120 Alpen Zürich
94%
1,888,776 Alpen Vienna
93%
882,523 Alpi Turin
92%
200,485 Alpes Geneva
91%
1,464,301 Alpen Munich
89%
153,377 Alpen Salzburg
79%
513,275 Alpes Lyon
77%
861,635 Alpes Marseille
75%
342,522 Alpes Nice
72%
171,433 Alpen Basel
71%
280,940 Alpe Ljubljana
71%
261,321 Alpi Venice
71%
286,292 Alpen Graz
65%
160,649 Alpes Grenoble
64%
204,846 Alpen Linz
63%
580,097 Alpi Genoa
62%
204,338 Alpi Trieste
49%
688,163 Alpe Zagreb
49%
257,275 Alpi Verona
46%
429,564 Alpy Bratislava
45%
196,745 Alpi Brescia
35%
210,440 Alpi Padua
32%
289,584 Alpen Augsburg
27%
171,057 Alpes Saint-Étienne
23%
195,687 Alpi Parma
21%
167,479 Alpes Toulon
21%
No matching quizzes found
Score Distribution
Percent of People with Each Score
Percentile by Number Answered
Your Score History
You have not taken this quiz since the last reset